| 000 | 01417nam a2200181 4500 | ||
|---|---|---|---|
| 003 | NUST | ||
| 005 | 20221121092230.0 | ||
| 020 | _a0070540861 | ||
| 082 | _a621.381,GRO | ||
| 100 |
_aGrob, Bernard _919461 |
||
| 245 |
_aBasic electronics / _c Bernard Grob. |
||
| 250 | _a9th edition | ||
| 260 |
_aNew York : _bGlencoe/McGraw-Hill, _cc 2003 |
||
| 300 | _a1060 p | ||
| 505 | _aSeries Circuits (Page-10), Electricity (Page-16), Resistors (Page-48), Ohm's Law (Page-72), Parallel Circuits (Page-132), Series-Parallel Circuits (Page-162), Voltage Dividers and Current Dividers (Page-196), Direct-Current Meters (Page-256), Kirchhoff's Laws (Page-276), Network Theorems (Page-312), Conductors and Insulators (Page-312), Batteries (Page-342), Magnetism (Page-378), Magnetic Units (Page-398), Electromagnetic Induction (Page-418), Alternating Voltage and Current (Page-442), Capacitance (Page-488), Capacitive Reactance (Page-526),Capacitive Circuits (Page-546), Inductance (Page-574), Inductive Reactance (Page-620), Inductive Circuits (Page-640), RC and L/R Time Constants (Page-666), Alternating Current Circuits (Page-700), Complex Numbers for AC Circuits (Page-726), Resonance (Page-758), Filters (Page-796), Electronic Devices (Page-846), Electronic Circuits (Page-876), Transistor Amplifiers (Page-810), Digital Electronics (Page-936), Integrated Circuits (Page-970). | ||
| 650 | _aElectronics | ||
| 942 |
_2ddc _cBK |
||
| 999 |
_c592453 _d592453 |
||